ANDE
Gespeichert in:
| Format: | Unbekannt |
|---|---|
| Sprache: | Spanish |
| Schlagworte: | |
| Tags: |
Tag hinzufügen
Keine Tags, Fügen Sie den ersten Tag hinzu!
|
MARC
| LEADER | 000000000a22000000004500 | ||
|---|---|---|---|
| 001 | 002560 | ||
| 041 | 0 | |a spa | |
| 082 | 0 | 4 | |a 370A |
| 245 | 0 | 0 | |a ANDE |
| 300 | |a 139 páginas | ||
| 500 | |a Este número de la Revista ANDE fue editado en homenaje al "Sesquicentenario de la Anexión del Partido de Nicoya a Costa Rica". | ||
| 650 | 4 | |a EDUCACION | |
| 650 | 4 | |a PUBLICACIONES PERIODICAS | |
| 650 | 4 | |a GUANACASTE, (COSTA RICA) | |
| 650 | 4 | |a PARTIDO DE NICOYA | |
| 773 | 0 | |d San José, Costa Rica : Ministerio de Cultura, Juventud y Deportes, Museo Nacional |g número 49 (1974) | |
| 942 | |c CR | ||
| 999 | |c 9948 |d 9948 | ||
